000 00876nam a2200229Ii 4500
003 JO-AjNU
008 230605s9999||||xx |||||||||||||| ||und||
017 _a2008/11/3814
020 _a9957-16-490-4
040 _aJO-AjNU
_bara
_erda
_cJO-AjNU
041 _aara
050 1 4 _aK155.R3424.2009
100 3 _a رجيب ، بيان يوسف ,
_eauthor
_912480
245 0 0 _aشرح القانون المدني ، حقوق الإمتياز : دراسة موازنة (مقارنة) في قوانين الدول العربية مع فقة الشريعة الإسلامية
250 _aط1
264 3 1 _aعمان : دار الثقافة ، 2009
300 _a431ص
336 _atext
_btxt
_2rdacontent
337 _aunmediated
_bn
_2rdamedia
338 _avolume
_bnc
_2rdacarrier
650 4 _aالقانون المدني -- حقوق الامتياز -- الاردن
_912481
999 _aA2857
_c6425
_d6425